000 00959cab a2200289 4500
001 WB2832-30
008 090401t1992 xxu||||| |||| 00| 0 eng d
035 _a(Sirsi) u78386
041 _aeng
100 _aSevers, Paul
245 _aFinancing techniques
260 _c1992
350 _a0
490 _aFinancial Times
_v19 August 1992, 12(1)
520 _aA new method of raising finance in adverse market conditions has been aired recently, based on the issue of £100m zero coupon bonds supported by agreements to sell part of the issuer`s property portfolio to institutional investors.
650 _aCAPITAL VALUES
650 _aFINANCING TECHNIQUES
650 _aINSTITUTIONAL INVESTMENT
650 _aPROPERTY FINANCE
650 _aPUT-OPTIONS
650 _aRENTAL GUARANTEES
650 _aUNDERWRITING
650 _aZERO COUPON BONDS
690 _aPROPERTY-PROPERTY FINANCE AND INVESTMENT
942 _n0
948 _c04/03/1997
999 _c49337
_d49337